000
00257nam a2200097Ia 4500
008
230907s9999||||xx |||||||||||||| ||und||
082
_a
338.927
_b
DES
245
0
_a
Designing sustainable technologies, products and policies /
300
_a
520 p.
942
_c
BK
999
_c
600244
_d
600244